(Hopefully) Most Comprehensive SCP Quiz - Statistics

General Stats
  • This quiz has been taken 8 times
    1 since last reset
  • The average score is 7 of 1000
Answer Stats
Hint Answer % Correct
SCP-076 Able
100%
SCP-106 The Old Man
100%
SCP-173 The Sculpture - The Original
100%
SCP-096 The "Shy Guy"
100%
SCP-999 The Tickle Monster
100%
SCP-939 With Many Voices
100%
SCP-053 Young Girl
100%
SCP-828 ᖃᓪᓗᐱᓪᓗᐃᑦ
0%
SCP-248 110%
0%
SCP-498 11 Minute Snooze
0%
SCP-668 13" Chef's Knife
0%
SCP-489 1-555-BUG-BASH
0%
SCP-233 23-Sided Polyhedron
0%
SCP-178 3-D Specs
0%
SCP-012 A Bad Composition
0%
SCP-518 A Bad Monster
0%
SCP-450 Abandoned Federal Penitentiary
0%
SCP-007 Abdominal Planet
0%
SCP-056 A Beautiful Person
0%
SCP-812 A Big Box of River
0%
SCP-582 A Bundle of Stories
0%
SCP-874 Abyssal Fluid
0%
SCP-696 Abyssal Typewriter
0%
SCP-736 [ACCESS DENIED]: formerly(?) The Iapetus Anomaly
0%
SCP-832 Accountant's Coin
0%
SCP-377 Accurate Fortune Cookies
0%
SCP-785 A Chain Restaurant
0%
SCP-326 A Chinese Peasant
0%
SCP-743 A Chocolate Fountain
0%
SCP-262 A Coat of Many Arms
0%
SCP-341 A Collection of Extra-Solar Orreries
0%
SCP-362 A Cool T-Shirt
0%
SCP-691 A Coward's Way Out
0%
SCP-513 A Cowbell
0%
SCP-824 Active Weed Control
0%
SCP-319 A Curious Device
0%
SCP-438 Addictive Straitjacket of Espionage
0%
SCP-358 A "Deserted" Hospital
0%
SCP-669 A Didactic Perspective
0%
SCP-750 A Different Outlook on Life
0%
SCP-861 A Fallen Angel
0%
SCP-514 A Flock of Doves
0%
SCP-946 A Formal Discussion
0%
SCP-042 A Formerly Winged Horse
0%
SCP-026 After school Retention
0%
SCP-612 Aggressive Cable
0%
SCP-420 Aggressive Skin Condition
0%
SCP-348 A Gift from Dad
0%
SCP-723 Aging Staircase
0%
SCP-285 A Hack Job
0%
SCP-247 A Harmless Kitten
0%
SCP-552 Ahead of His Time
0%
SCP-397 A Hominidae
0%
SCP-370 A Key
0%
SCP-278 A Large Mechanical Spider
0%
SCP-328 Alien Disc
0%
SCP-577 All Alone in the Moonlight
0%
SCP-139 All Eyes on Lucian 👁
0%
SCP-782 All-New You
0%
SCP-752 Altruistic Utopia
0%
SCP-882 A Machine
0%
SCP-195 A "Medical Whiskey"
0%
SCP-434 A Meeting with Myself
0%
SCP-739 A Mirrored Booth
0%
SCP-587 A Model System
0%
SCP-818 An Abandonded Project
0%
SCP-563 An Abandoned Farm in China
0%
SCP-083 An Abandoned Row Home
0%
SCP-980 An Absence of Detail
0%
SCP-147 Anachronistic Television
0%
SCP-557 Ancient Containment Site
0%
SCP-390 Ancient Death Ray
0%
SCP-769 Ancient Encyclopedia
0%
SCP-411 Ancient Precog
0%
SCP-396 And Suddenly, Chair
0%
SCP-800 An Eastern History
0%
SCP-907 An Exploratory Vehicle
0%
SCP-492 Animated Cloth Dummy
0%
SCP-243 Animation
0%
SCP-140 An Incomplete Chronicle
0%
SCP-625 Anklebiters
0%
SCP-163 An Old Castaway
0%
SCP-272 An Old Iron Nail
0%
SCP-976 Anomalous Hard Drive
0%
SCP-546 A Notebook
0%
SCP-922 Another Version of the Truth
0%
SCP-483 Anti-Aging Placebos
0%
SCP-213 Anti-Matter Parasite
0%
SCP-302 Ant Sculpture
0%
SCP-733 A Pair of Scissors
0%
SCP-401 A Palm Tree
0%
SCP-561 A Passive Rip in Time
0%
SCP-430 A Peasant's Punishment
0%
SCP-849 A Perfect Day
0%
SCP-223 A Photo Album
0%
SCP-392 A Plant Now Found in Site-103, and Formerly Found in the Households of Nobility
0%
SCP-090 Apocorubik's Cube
0%
SCP-338 A Portable Radio
0%
SCP-190 A Prize Toybox
0%
SCP-984 A Public Restroom
0%
SCP-859 Arachnophobic Orb
0%
SCP-940 Araneae Marionettes
0%
SCP-931 A Rice Bowl
0%
SCP-433 A Ritual
0%
SCP-296 Armed Containment Site-03
0%
SCP-283 A Rock That Falls Sideways
0%
SCP-471 A Satellite
0%
SCP-360 Ascendance
0%
SCP-893 Asexual
0%
SCP-884 A Shaving Mirror
0%
SCP-904 A Short Poem
0%
SCP-463 A Spoon That Bends People
0%
SCP-496 A Sunken Contagion
0%
SCP-991 A Syringe
0%
SCP-342 A Ticket to Ride
0%
SCP-045 Atmospheric Converter
0%
SCP-312 Atmospheric Jellyfish
0%
SCP-399 Atomic Manipulation Ring
0%
SCP-170 A Tube of Superglue
0%
SCP-061 Auditory Mind Control
0%
SCP-923 A Useful Tool
0%
SCP-753 Automatic Artist
0%
SCP-912 Autonomous SWAT Armor
0%
SCP-588 A Voracious Coin
0%
SCP-025 A Well-Worn Wardrobe
0%
SCP-300 A World in a Bottle
0%
SCP-308 Aztec Burial Sarcophagus
0%
SCP-352 Baba Yaga
0%
SCP-918 Baby Mill
0%
SCP-957 Baiting
0%
SCP-447 Ball of Green Slime
0%
SCP-162 Ball of Sharp
0%
SCP-511 Basement Cat
0%
SCP-400 Beautiful Babies
0%
SCP-208 Bes
0%
SCP-339 Be Silent, Be Still
0%
SCP-1000 Bigfoot
0%
SCP-003 Biological Motherboard
0%
SCP-380 Biological Networking Device
0%
SCP-559 Birthday Time!
0%
SCP-646 Birth Worm
0%
SCP-560 Bitwise Amoeba
0%
SCP-630 Black Glacier
0%
SCP-023 Black Shuck
0%
SCP-265 Black Volga
0%
SCP-790 Blood?
0%
SCP-938 Blood and Thunder
0%
SCP-942 Blood Candy
0%
SCP-522 Blood-draining Carpet
0%
SCP-578 Blood Opals
0%
SCP-867 Blood Spruce
0%
SCP-860 Blue Key
0%
SCP-013 Blue Lady Cigarettes
0%
SCP-993 Bobble the Clown
0%
SCP-439 Bone Hive
0%
SCP-152 Book of Endings
0%
SCP-658 Botflies
0%
SCP-945 Box of Shawabti
0%
SCP-378 Brainworm
0%
SCP-969 █████ Brand Mosquito Repellent
0%
SCP-114 Bringer of Conflict
0%
SCP-132 Broken Desert
0%
SCP-996 Broken Topology
0%
SCP-146 Bronze Head of Shame
0%
SCP-361 Bronze Liver
0%
SCP-032 Brothers' Bride
0%
SCP-779 Brownies
0%
SCP-238 Building Complex
0%
SCP-457 Burning Man
0%
SCP-662 Butler's Hand Bell
0%
SCP-432 Cabinet Maze
0%
SCP-073 Cain
0%
SCP-891 California Field
0%
SCP-895 Camera Disruption
0%
SCP-253 Cancer Plague
0%
SCP-839 Candied Worms
0%
SCP-268 Cap of Neglect
0%
SCP-455 Cargo Ship
0%
SCP-530 Carl the Variable Dog
0%
SCP-823 Carnival of Horrors
0%
SCP-799 Carnivorous Blanket
0%
SCP-307 Carnivorous Ivy
0%
SCP-366 Carriage Grubs
0%
SCP-263 Cash or Ash
0%
SCP-295 Cauterpillers
0%
SCP-277 Chalkland
0%
SCP-833 Charity Worms
0%
SCP-177 Checkmate
0%
SCP-519 Cheeky Phone Booth
0%
SCP-982 Chicago Loop
0%
SCP-747 Children and Dolls
0%
SCP-784 Christmas Cheer
0%
SCP-200 Chrysalis
0%
SCP-333 City in a Symphony
0%
SCP-900 City of the Sun
0%
SCP-287 Clark's Third Favorite Sword
0%
SCP-713 Click Anywhere Computer
0%
SCP-680 Clockwork Skull
0%
SCP-429 Clockwork Teleporter
0%
SCP-222 Clone Coffin
0%
SCP-950 Clothes Dryer
0%
SCP-486 Coatlicue Skin
0%
SCP-141 Codex Damnatio
0%
SCP-207 Cola Bottles
0%
SCP-010 Collars of Control
0%
SCP-171 Collective Brain Foam
0%
SCP-908 Colocated Rock
0%
SCP-879 Colonial Cetacean
0%
SCP-316 Color-Draining Light
0%
SCP-809 Combat Boots
0%
SCP-454 Comic Book
0%
SCP-659 Communal Avian Intelligence
0%
SCP-535 Communicative Beaker
0%
SCP-227 Complete Antikythera Mechanism
0%
SCP-117 Complete Multitool
0%
SCP-221 Compulsion Tweezers
0%
SCP-627 Conceptual Numeristic Overload
0%
SCP-121 Concrete Cradle
0%
SCP-467 Confessional Phone Booth
0%
SCP-409 Contagious Crystal
0%
SCP-927 Contagious House
0%
SCP-593 Contagious Innumeracy
0%
SCP-125 Contagious Reflection
0%
SCP-123 Contained Miniature Black Hole
0%
SCP-555 Corpse Magnet
0%
SCP-075 Corrosive Snail
0%
SCP-798 Cortex Rat
0%
SCP-843 Cow Seeds
0%
SCP-317 Cretaceous Physicist
0%
SCP-767 Crime Scene Photographs
0%
SCP-504 Critical Tomatoes
0%
SCP-844 Crybaby
0%
SCP-553 Crystalline Butterflies
0%
SCP-198 Cup of Joe
0%
SCP-797 Curious Poltergeist
0%
SCP-596 Cursed Regeneration Statue
0%
SCP-191 Cyborg Child
0%
SCP-704 Dangerous Curves
0%
SCP-080 Dark Form
0%
SCP-816 Darwin's Erector Set
0%
SCP-579 [DATA EXPUNGED]
0%
SCP-583 Deathly Video Tape
0%
SCP-485 Death Pen
0%
SCP-657 Death-predicting Man
0%
SCP-730 Decerebrating Plague
0%
SCP-671 Deconstructing Ants
0%
SCP-071 Degenerative Metamorphic Entity
0%
SCP-643 Delicious Chocolates
0%
SCP-622 Desert in a Can
0%
SCP-794 Desert Shipwreck
0%
SCP-978 Desire Camera
0%
SCP-065 Destroyed Organic Catalyst
0%
SCP-269 Dialysis Bracelet
0%
SCP-710 Disappearance
0%
SCP-291 Disassembler/Reassembler
0%
SCP-568 Dismemberment Strap
0%
SCP-639 Distorted Man
0%
SCP-821 Dixie Fun Faire
0%
SCP-480 dog park
0%
SCP-607 Dorian the Grey Cat
0%
SCP-187 Double Vision
0%
SCP-111 Dragon-Snails™
0%
SCP-840 Drain Feeder
0%
SCP-153 Drain Worms
0%
SCP-240 Draw me a Plane
0%
SCP-826 Draws You into the Book
0%
SCP-854 Dream Bridge
0%
SCP-452 Dreamcatcher Spider
0%
SCP-990 Dream Man
0%
SCP-431 Dr. Gideon
0%
SCP-591 Dr. Wondertainment Pretendo
0%
SCP-609 Dr. Wondertainment's Ontological 6-Balls®
0%
SCP-445 Dr. Wondertainment's Super Paper
0%
SCP-765 Duck Pond
0%
SCP-933 Duct Tape
0%
SCP-910 Dust, Embodied
0%
SCP-037 Dwarf Star
0%
SCP-394 Ear Candles
0%
SCP-660 Earthen Womb
0%
SCP-410 Editor Beetles
0%
SCP-565 Ed's Head
0%
SCP-695 Eels
0%
SCP-864 Efficient Washbasin
0%
SCP-292 Egg Timer of Déjà Vu
0%
SCP-911 Egyptian Book of the Dead
0%
SCP-594 Electric Sheep
0%
SCP-876 Element-Switching Pills
0%
SCP-636 Elevator to Nowhere
0%
SCP-254 Employee of the Month
0%
SCP-413 Endless Garage
0%
SCP-066 Eric's Toy
0%
SCP-436 Error Locket
0%
SCP-403 Escalating Light
0%
SCP-310 Eternal Flame
0%
SCP-386 Eternal Fugus
0%
SCP-324 Eulogy Shrub
0%
SCP-892 Everyone's Spreadsheet
0%
SCP-040 Evolution's Child
0%
SCP-971 Exotic Fast Food Delivery
0%
SCP-835 Expunged Data Release
0%
SCP-883 Extradimensional Beehive
0%
SCP-234 Extradimensional Fish
0%
SCP-108 Extradimensional Nasal Cavity
0%
SCP-718 Eyeball
0%
SCP-709 Eye of the Forest
0%
SCP-679 Eyerot
0%
SCP-280 Eyes in the Dark
0%
SCP-525 Eye Spiders
0%
SCP-667 Fairy Kudzu
0%
SCP-670 Family of Cotton
0%
SCP-082 Fernand the Cannibal
0%
SCP-124 Fertile Soil
0%
SCP-356 Figures on the Shore
0%
SCP-064 Flawed von Neumann Structure
0%
SCP-192 Flawless X-Ray Machine
0%
SCP-210 Flooded House
0%
SCP-628 Flute Corpse
0%
SCP-474 ℞FM
0%
SCP-634 Forgetful Goldfish
0%
SCP-477 Fossil Sea
0%
SCP-006 Fountain of Youth
0%
SCP-608 Fractal Tinsel
0%
SCP-532 Frost Bug
0%
SCP-936 Fruit of Man
0%
SCP-786 Funnel Factory Twelve
0%
SCP-992 Gaia's Emissary
0%
SCP-024 Game Show of Death
0%
SCP-958 General-Beep
0%
SCP-633 Ghost In The Machine
0%
SCP-373 Ghost Record
0%
SCP-772 Giant Parasitoid Wasps
0%
SCP-813 Glass Shard
0%
SCP-343 God
0%
SCP-700 Graffiti Factory
0%
SCP-274 Graffito
0%
SCP-517 Grammie Knows
0%
SCP-224 Grandfather Clock
0%
SCP-858 Gravity's Rainbow
0%
SCP-744 Greater Purpose
0%
SCP-322 Grow Your Own Castle Kit
0%
SCP-987 Gruesome Gallery
0%
SCP-078 Guilt
0%
SCP-449 Gut Dust
0%
SCP-337 Hairball
0%
SCP-189 Hair-Imitating Parasite
0%
SCP-479 Hallway 4, D-Class Dorms, Site 14
0%
SCP-085 Hand-drawn "Cassy"
0%
SCP-682 Hard-to-Destroy Reptile
0%
SCP-382 Haunted Baby Carriage
0%
SCP-689 Haunter in the Dark
0%
SCP-569 Heads
0%
SCP-807 Heart Attack on a Plate
0%
SCP-058 Heart of Darkness
0%
SCP-825 Helmet of Disturbing Visions
0%
SCP-214 Hemotopian Virus
0%
SCP-727 Hephaestus's Forge
0%
SCP-542 Herr Chirurg
0%
SCP-435 He-Who-Made-Dark
0%
SCP-320 Higgs Field Acceleration Manipulator
0%
SCP-688 Hole Dwellers
0%
SCP-656 Home Edition
0%
SCP-681 Hostile Helium
0%
SCP-642 Hot Springs
0%
SCP-857 Human-Based Ecosystem
0%
SCP-763 Human Beowulf Cluster
0%
SCP-418 Human Jigsaw
0%
SCP-446 Human Mannequin
0%
SCP-273 Human Phoenix
0%
SCP-766 Human-Shaped Anomaly in Space
0%
SCP-252 Humboldt SquidThe
0%
SCP-101 Hungry Bag
0%
SCP-647 Hungry Box
0%
SCP-357 Hungry Clay
0%
SCP-775 Hungry Ticks
0%
SCP-737 Hungry Train
0%
SCP-889 Hybridization
0%
SCP-887 Hypergraphia
0%
SCP-621 Hypnobulbs
0%
SCP-426 I am a Toaster
0%
SCP-490 Ice Cream Truck
0%
SCP-244 Ice Fog Jar
0%
SCP-548 Ice Spider
0%
SCP-180 Identity Thieving Hat
0%
SCP-926 Guqin
0%
SCP-408 Illusory Butterflies
0%
SCP-754 Illustrated Climbing Vine
0%
SCP-762 Immortal Iron Maiden
0%
SCP-972 Immunity
0%
SCP-551 Impossible Puzzle
0%
SCP-592 Inaccurate History Book
0%
SCP-564 Incomplete Primitive Cyborg
0%
SCP-964 Indescribable Polymorph
0%
SCP-748 Industrial Dissolution
0%
SCP-289 Inertial Amplifier
0%
SCP-686 Infectious Lactation
0%
SCP-299 Infectious Tree
0%
SCP-060 Infernal Occult Skeleton
0%
SCP-109 Infinite Canteen
0%
SCP-416 Infinite Forest
0%
SCP-167 Infinite Labyrinth
0%
SCP-967 Infinite Scrapyard
0%
SCP-155 Infinite Speed Computer
0%
SCP-505 Ink Stain
0%
SCP-830 Inky Quicksand
0%
SCP-934 Inland Lighthouse
0%
SCP-586 Inscribable Object
0%
SCP-271 Inscribed Disc
0%
SCP-960 Inspiration
0%
SCP-506 Instant-growing Plants
0%
SCP-133 Instant Hole
0%
SCP-735 Insult Box
0%
SCP-516 Intelligent Tank
0%
SCP-848 Interdimensional Spider Web
0%
SCP-789 Internet Predator
0%
SCP-459 Interplanetary Thermostat
0%
SCP-703 Into The Closet
0%
SCP-632 Intrusive Arachnid Thoughts
0%
SCP-126 Invisible Friend
0%
SCP-364 Ionian Drop Point
0%
SCP-614 IP Address 57.32.███.███
0%
SCP-724 Procyon stentor
0%
SCP-105 Iris
0%
SCP-275 Ironskin
0%
SCP-070 Iron Wings
0%
SCP-448 Jack-in-the-Box
0%
SCP-232 Jack's Proton Atomic Zapper
0%
SCP-441 Jacob Ram
0%
SCP-100 Jamaican Joe's Junkyard Junbilee
0%
SCP-051 Japanese Obstetrical Model
0%
SCP-690 Joke Bandages
0%
SCP-722 Jörmungandr
0%
SCP-529 Josie the Half-Cat
0%
SCP-698 Judgemental Turtle
0%
SCP-166 Just a Teenage Gaea
0%
SCP-572 Katana of Apparent Invincibility
0%
SCP-128 Kinetic Energy Entity
0%
SCP-777 Kingdom of Sand
0%
SCP-520 Knife Switch
0%
SCP-028 Knowledge
0%
SCP-218 Lamprey-Mass Organism
0%
SCP-822 Landmine Cacti
0%
SCP-820 Las Langostas Pintadas
0%
SCP-986 Leave It Mellow
0%
SCP-856 Leopotamus
0%
SCP-384 Let Her In
0%
SCP-719 Light-Bringer
0%
SCP-336 Lilith
0%
SCP-545 Liquid Life/Totenkinder
0%
SCP-845 Liquid Polecat
0%
SCP-367 Little Dog
0%
SCP-881 Little People
0%
SCP-387 Living Lego
0%
SCP-369 Living Migratory Roadwork
0%
SCP-605 Living Storm Cloud
0%
SCP-541 Living Thoracic System
0%
SCP-885 Living Vacuum
0%
SCP-663 Living Water Filter
0%
SCP-768 Long-Range Alarm Clock
0%
SCP-899 Lost Children
0%
SCP-985 Lost Luggage Claim
0%
SCP-427 Lovecraftian Locket
0%
SCP-640 Lucent Beams
0%
SCP-181 Lucky
0%
SCP-619 Lucky Jeans
0%
SCP-851 Lullabugs
0%
SCP-852 Lunar Anomaly
0%
SCP-371 Macrovirus
0%
SCP-788 Magma Carp
0%
SCP-145 Man-Absorbing Phone
0%
SCP-916 Man's Best Friend
0%
SCP-584 Many Fingers, Many Toes
0%
SCP-469 Many-Winged Angel
0%
SCP-476 Map to Nowhere
0%
SCP-729 Marble Bath
0%
SCP-649 Matchbox Full of Winter
0%
SCP-494 Matter Transference Gloves
0%
SCP-279 Meandering Man
0%
SCP-379 Mechanical Pheromone
0%
SCP-635 Medieval Bootstrap Program
0%
SCP-898 Memetic Counter-Agent
0%
SCP-404 Memories Lost, Memories Found
0%
SCP-484 Memory Stealing Drug
0%
SCP-888 Memory Stones
0%
SCP-509 Men Are Pigs
0%
SCP-482 Mentally Mutating Straitjacket
0%
SCP-389 Message in a Bottle
0%
SCP-488 Meteor Attractor
0%
SCP-652 Meteorological Dog
0%
SCP-047 Microbial Mutagen
0%
SCP-705 Militaristic Play-Doh
0%
SCP-157 Mimetic Predator
0%
SCP-236 Mimic "Crabs"
0%
SCP-115 Miniature Dump Truck
0%
SCP-094 Miniature Event Horizon
0%
SCP-756 Miniature Solar System
0%
SCP-944 Mirror Maz
0%
SCP-534 Misplaced Blood
0%
SCP-998 Missing Aircraft
0%
SCP-451 Mister Lonely
0%
SCP-868 Mnemonic Meme
0%
SCP-466 Mobile Veins
0%
SCP-039 Monkey Brain
0%
SCP-501 Monk's Greed
0%
SCP-250 Most of an Allosaurus
0%
SCP-314 Motion-Seeking Blade
0%
SCP-645 Mouth of Truth
0%
SCP-629 Mr. Brass
0%
SCP-905 Mr. Chameleon
0%
SCP-527 Mr. Fish
0%
SCP-909 Mr. Forgetful
0%
SCP-644 Mr. Hot
0%
SCP-913 Mr. Hungry
0%
SCP-920 Mr. Lost
0%
SCP-917 Mr. Moon
0%
SCP-955 Mr. Sillybug
0%
SCP-837 Multiplying Clay
0%
SCP-921 Museum of Memories
0%
SCP-802 Musical Tank
0%
SCP-412 Mutagenic Mirror
0%
SCP-715 My Face That I May Be
0%
SCP-951 My Friend LUCAS
0%
SCP-741 Mysterious Russian Submarine
0%
SCP-699 Mystery Box
0%
SCP-136 Naked Doll
0%
SCP-886 Nanny
0%
SCP-424 Nanomimes
0%
SCP-919 Needy Mirror
0%
SCP-707 Nesting Dolls
0%
SCP-470 Nexus of Abandoned Places
0%
SCP-932 Night Feeder
0%
SCP-687 NOIR
0%
SCP-543 Noise
0%
SCP-122 no more monstɘrs.
0%
SCP-685 Non-Bottomless Pit
0%
SCP-321 None Added: formerly(?) Child of Man
0%
SCP-029 None Added: formerly(?) Daugther of Shadows
0%
SCP-721 None Added: formerly(?) Factory Toys
0%
SCP-590 None Added: formerly (?) He Feels Your Pain
0%
SCP-963 None Added: formerly(?) Immortality
0%
SCP-693 None Added: formerly (?) Knotty Stalker
0%
SCP-834 None Added: formerly(?) Marked
0%
SCP-894 None Added: formerly(?) Speak No, Hear No, See No
0%
SCP-573 None Added: formerly (?) The Pied Pipe
0%
SCP-161 None Added: formerly(?) The Pinwheel of Doom
0%
SCP-050 None Added: formerly(?) To the Cleverest
0%
SCP-528 None Added: formerly (?) Voodoo Putty
0%
SCP-091 Nostalgia
0%
SCP-363 Not Centipedes
0%
SCP-935 Nothing Bad Ever Happens to the Bowes
0%
SCP-952 NP Rock
0%
SCP-118 Nuclear Protists
0%
SCP-770 Nuclear Slime
0%
SCP-631 Nyctophobic Nocturnal Predator
0%
SCP-176 Observable Time Loop
0%
SCP-293 Obsession
0%
SCP-402 Obsidian Absorber
0%
SCP-034 Obsidian Ritual Knife
0%
SCP-154 Offensive Bracelets
0%
SCP-079 Old AI
0%
SCP-097 Old Fairgrounds
0%
SCP-499 Old Sun Man
0%
SCP-142 One-Armed Bandit
0%
SCP-623 One Groovy Room
0%
SCP-335 One Hundred and Fifty 3.5" Floppy Disks
0%
SCP-896 Online Role Playing Game
0%
SCP-442 On-Time Piece
0%
SCP-842 Operations Table
0%
SCP-374 Oracular Guillotine
0%
SCP-751 Organ Eater
0%
SCP-556 Painted Aircraft
0%
SCP-531 Paired Brass Guard Cats
0%
SCP-500 Panacea
0%
SCP-261 Pan-Dimensional Vending
0%
SCP-720 Panopticon
0%
SCP-211 Paper-Covered Building
0%
SCP-368 Paper Crane
0%
SCP-778 Paradise Falls
0%
SCP-711 Paradoxical Insurance Policy
0%
SCP-215 Paranoia-Inducing Spectacles
0%
SCP-611 Parasitic Toothbrush
0%
SCP-725 Parrot Whale
0%
SCP-465 Party in a Box
0%
SCP-422 Patchwork Beast
0%
SCP-863 Patchwork Crabs
0%
SCP-706 Perfect Porcelain Doll
0%
SCP-372 Peripheral Jumper
0%
SCP-385 Personal Anti-Gravity Field Generator
0%
SCP-624 Personal Music Player
0%
SCP-617 Pet Rocks
0%
SCP-235 Phonographic Records
0%
SCP-536 Physical Law Testing Chamber
0%
SCP-015 Pipe Nightmare
0%
SCP-049 Plague Doctor
0%
SCP-309 Plush Toy
0%
SCP-805 Poison Wood Foal
0%
SCP-953 Polymorphic Humanoid
0%
SCP-365 Pool Noodle
0%
SCP-035 Possessive Mask
0%
SCP-130 Post Office
0%
SCP-313 Powerful Hand Dryer
0%
SCP-575 Predatory Darkness
0%
SCP-160 Predatory Drone
0%
SCP-046 Predatory Holly Brush
0%
SCP-803 Predatory Parasols
0%
SCP-257 Professor William Woodsworth's Collection of Curiosities
0%
SCP-129 Progressive Fungal Infection
0%
SCP-102 Property of Marshall, Carter, and Dark Ltd.
0%
SCP-246 Prophetic Projector
0%
SCP-746 Pseudo-Avian
0%
SCP-228 Psychiatric Diagnostic Tool
0%
SCP-346 Pterry the Pterodactyl
0%
SCP-814 Pure Tones
0%
SCP-226 Puzzle of Terror
0%
SCP-062 Quantum Computer
0%
SCP-074 Quantum Woodlouse
0%
SCP-059 Radioactive Mineral
0%
SCP-749 Rain Drops
0%
SCP-508 Random-dot Stereogram
0%
SCP-817 Random Metamorphism
0%
SCP-731 Rathole Cover
0%
SCP-862 Rats
0%
SCP-351 Read-Only Memory
0%
SCP-795 Reality-Bending Cat
0%
SCP-156 Reanimating Pomegranate
0%
SCP-726 Reconstructive Maggots
0%
SCP-009 Red Ice
0%
SCP-093 Red Sea Object
0%
SCP-683 Refrigerator Art
0%
SCP-414 Regardless, I Might Prefer Myself Sick
0%
SCP-507 Reluctant Dimension Hopper
0%
SCP-943 Repayment in Kind
0%
SCP-493 Replicant
0%
SCP-219 Resonance Engine
0%
SCP-806 Resurrection Projection
0%
SCP-742 Retrovirus
0%
SCP-562 Revel Rousers
0%
SCP-841 Reverse Mirror Voodoo Doll Stick Puppet
0%
SCP-692 Revives the Colours
0%
SCP-103 Rhys' Head/Mara's Heart
0%
SCP-182 Rider
0%
SCP-655 Rip in the Fabric
0%
SCP-282 Ritual Devil Sticks
0%
SCP-796 River Cat
0%
SCP-846 Robo-Dude
0%
SCP-672 Rock Coral
0%
SCP-077 Rot Skull
0%
SCP-873 Russian Crystal Ball
0%
SCP-661 Salesman, Too Good to Be True
0%
SCP-440 Sand-Based Ecology
0%
SCP-179 Sauelsuesor
0%
SCP-481 Scar Tissue
0%
SCP-850 School of Fish
0%
SCP-344 Schrödinger's Can Opener
0%
SCP-906 Scouring Hive
0%
SCP-245 SCP-RPG
0%
SCP-453 Scripted Nightclub
0%
SCP-930 Seagull Island
0%
SCP-460 Séance Storm
0%
SCP-270 Secluded Telephone
0%
SCP-069 Second Chance
0%
SCP-780 Seed Bead
0%
SCP-242 Self "Cleaning" Pool
0%
SCP-989 Self-Defense Sugar
0%
SCP-423 Self-Inserting Character
0%
SCP-237 Self-Made Man
0%
SCP-571 Self-Propagating Infectious Pattern
0%
SCP-771 Self-Repairing Biological AI
0%
SCP-871 Self-Replacing Cake
0%
SCP-603 Self-Replicating Computer Program
0%
SCP-168 Sentient Calculator
0%
SCP-011 Sentient Civil War Memorial Statue
0%
SCP-598 Sentient Color
0%
SCP-016 Sentient Mirco-Organism
0%
SCP-801 Seven Furs
0%
SCP-205 Shadow Lamps
0%
SCP-017 Shadow Person
0%
SCP-538 Shadow Spiders
0%
SCP-675 Shadows Through the Windows
0%
SCP-585 Sharpeners
0%
SCP-001 (Any will do) Sheaf of Paper/The Prototype/The Gate Guardian/The Lock/The Spiral Path/The Legacy/The Database/The Foundation/Thirty-Six/Keter Duty/The Children
0%
SCP-580 Shi Huang Ti's Five Heaven Chariot
0%
SCP-150 Ship of Theseus
0%
SCP-421 Shoal of Driftwood
0%
SCP-941 Sick of Motion
0%
SCP-537 Singing Gramophone
0%
SCP-005 Skeleton Key
0%
SCP-264 Skeleton Temple
0%
SCP-021 Skin Wyrm
0%
SCP-515 Sleeper
0%
SCP-966 Sleep Killer
0%
SCP-406 Sleepwalker's Tunnel
0%
SCP-576 Sleep Well
0%
SCP-761 Slightly Less Dangerous Trampoline
0%
SCP-618 Slim Pickings
0%
SCP-973 Smokey
0%
SCP-533 Snake Necklace
0%
SCP-815 Snake Nut Can
0%
SCP-475 Soap of a Pope
0%
SCP-510 Soft Death
0%
SCP-994 Some Silver Dishes
0%
SCP-947 Son of a [EXPLETIVE REDACTED]
0%
SCP-601 Sophocles' Chorus
0%
SCP-456 Soporific Bedbugs
0%
SCP-158 Soul Extractor
0%
SCP-318 Soul Press
0%
SCP-759 Sourdough Starter
0%
SCP-231 Special Personnel Requirements
0%
SCP-758 Spell Check - "Vasili"
0%
SCP-666 Spirit Lodge
0%
SCP-081 Spontaneous Combustion Virus
0%
SCP-199 Spy Ferns
0%
SCP-164 Squid Tumors
0%
SCP-134 Star-Eyed Child
0%
SCP-650 Startling Statue
0%
SCP-084 Static Tower
0%
SCP-297 Steely Dan
0%
SCP-334 Stellar Vulpine
0%
SCP-615 Stick Blob
0%
SCP-345 Stone Puzzle Cube
0%
SCP-979 Stoneware Rabbit
0%
SCP-558 Strange Contact Lens
0%
SCP-836 Structural Cancer
0%
SCP-110 Subterranean City
0%
SCP-975 Subway Frogs
0%
SCP-869 Summer of '48
0%
SCP-437 Summer of '91
0%
SCP-473 Supai
0%
SCP-866 Supercomputer
0%
SCP-018 Super Person
0%
SCP-829 Supersonic Can Opener
0%
SCP-098 Surgeon Crabs
0%
SCP-811 Swamp Woman
0%
SCP-311 Tactile Displacement Gloves
0%
SCP-330 Take Only Two
0%
SCP-540 Tannenbombs
0%
SCP-968 Tar Baby
0%
SCP-405 Telepathy Virus
0%
SCP-301 Teleporter
0%
SCP-595 Teleporting Destroyer
0%
SCP-120 Teleporting Paddling Pool
0%
SCP-375 Temporal Credit Union
0%
SCP-194 Thank You For Your Cooperation
0%
SCP-600 That Guy
0%
SCP-004 The 12 Rusty Keys and the Door
0%
SCP-638 The 1914 Chicago Federal Reserve Heist
0%
SCP-332 The 1976 Kirk Lonwood High School Marching Band
0%
SCP-468 The Abacus
0%
SCP-878 The Actor
0%
SCP-717 The Ambassador
0%
SCP-184 The Architect
0%
SCP-067 The Artist's Pen
0%
SCP-095 The Atomic Adventures of Ronnie Ray-Gun
0%
SCP-734 The Baby
0%
SCP-043 The Beatle
0%
SCP-092 The Best of The 5th Dimension
0%
SCP-708 The Big Orange Forklift
0%
SCP-983 The Birthday Monkey
0%
SCP-143 The Bladewood Grove
0%
SCP-149 The Blood Flies
0%
SCP-298 The Blood Organ
0%
SCP-472 The Bloodstone
0%
SCP-792 The Body Farm
0%
SCP-959 The Bogeyman
0%
SCP-653 The Boomerang
0%
SCP-395 The Bottle Baby
0%
SCP-116 The Brittle Boy
0%
SCP-286 The Brothers' Game
0%
SCP-901 The Building on the Square
0%
SCP-329 The Cancer Garden
0%
SCP-604 The Cannibal's Banquet; A Corrupted Ritual
0%
SCP-684 The Caretaken
0%
SCP-547 The Cartesian Business Card
0%
SCP-956 The Child-Breaker
0%
SCP-914 The Clockworks
0%
SCP-217 The Clockwork Virus
0%
SCP-294 The Coffee Machine
0%
SCP-014 The Concrete Man
0%
SCP-188 The Craftsman
0%
SCP-165 The Creeping, Hungry Sands of Tule
0%
SCP-428 The Crowd
0%
SCP-929 The Cuckoo
0%
SCP-048 The Cursed SCP Number
0%
SCP-057 The Daily Grind
0%
SCP-251 The Deceptive Snow Globe
0%
SCP-694 The Definiton of Insanity
0%
SCP-325 The Detergent
0%
SCP-738 The Devil's Deal
0%
SCP-981 The Director's Cut
0%
SCP-303 The Doorman
0%
SCP-838 The Dream Job
0%
SCP-567 The Dungeon
0%
SCP-201 The Empty World
0%
SCP-581 The Esquestrian's Soul
0%
SCP-138 The Ever-Living Man
0%
SCP-038 The Everything Tree
0%
SCP-674 The Exposition Gun
0%
SCP-131 The "Eye Pods"
0%
SCP-965 The Face In The Window
0%
SCP-732 The Fan-Fic Plague
0%
SCP-855 The Film Hall
0%
SCP-902 The Final Countdown
0%
SCP-610 The Flesh that Hates
0%
SCP-664 The Floor to Nowhere
0%
SCP-072 The Foot of the Bed
0%
SCP-728 The Forever Room
0%
SCP-464 The Foundry
0%
SCP-306 The Frogs
0%
SCP-757 The Fruit Tree
0%
SCP-665 The Garbage Man
0%
SCP-230 The Gayest Man Alive
0%
SCP-172 The Gearman
0%
SCP-113 The Gender-Switcher
0%
SCP-865 The Gentleman's Lash
0%
SCP-462 The Getaway Car
0%
SCP-793 The Ghost Sickness
0%
SCP-550 The Ghûl
0%
SCP-197 The Greenhouse
0%
SCP-398 The Greeting Hall
0%
SCP-760 The Groomers
0%
SCP-701 The Hanged King's Tragedy
0%
SCP-415 The Harvested Man
0%
SCP-359 The Hawk
0%
SCP-745 The Headlights
0%
SCP-740 The Hindenburg Photograph
0%
SCP-030 The Homunculus
0%
SCP-712 The Impossible Colors
0%
SCP-487 The Impossible House
0%
SCP-212 The Improver
0%
SCP-425 The Infinity Broadcast
0%
SCP-347 The Invisible Woman
0%
SCP-714 The Jaded Ring
0%
SCP-648 The Labyrinth
0%
SCP-444 The Language of Global Harmony
0%
SCP-924 The Last Northern Fifthist
0%
SCP-169 The Leviathan
0%
SCP-127 The Living Gun
0%
SCP-002 The "Living" Room
0%
SCP-088 The Lizard King
0%
SCP-104 The Lonely Ball
0%
SCP-503 The Luckiest Man in the World
0%
SCP-847 The Mannequin
0%
SCP-870 The Maybe There Monster
0%
SCP-808 The Mechanical Choir
0%
SCP-915 The Mechanotesseractic Computer
0%
SCP-393 The Memory Planner
0%
SCP-327 The Mermaid
0%
SCP-391 The Midas Owl
0%
SCP-033 The Missing Number
0%
SCP-019 The Monster Pot
0%
SCP-022 The Morgue
0%
SCP-523 The Most Unhelpful Object On Earth
0%
SCP-597 The Mother of Them All
0%
SCP-925 The Mushroom Cultist
0%
SCP-458 The Never-Ending Pizza Box
0%
SCP-810 The Never-want Lamp
0%
SCP-544 The New Voice
0%
SCP-764 The Obscene Show
0%
SCP-570 The Occult Soda War
0%
SCP-086 The Office of Dr. [REDACTED]
0%
SCP-641 The Pacifier
0%
SCP-151 The Painting
0%
SCP-539 The Perfect Distraction
0%
SCP-159 The Perfect Lock
0%
SCP-554 The Perfect Murder
0%
SCP-349 The Philosopher's Stone and the Graveyard of the Immortals
0%
SCP-290 The Picasso Machine
0%
SCP-417 The Plague Tree
0%
SCP-787 The Plane That Never Was
0%
SCP-521 The Postbox
0%
SCP-099 The Potrait
0%
SCP-589 The Price of Obsession
0%
SCP-204 The Protector
0%
SCP-381 The Pyrotechnic Polyphony
0%
SCP-185 The Radio
0%
SCP-249 The Random Door
0%
SCP-137 The Real Toy
0%
SCP-315 The Recorded Man
0%
SCP-970 The Recursive Room
0%
SCP-354 The Red Pool
0%
SCP-036 The Reincarnation Pilgrimage of the Yazidi
0%
SCP-512 There's no rain above the clouds
0%
SCP-783 There Was A Crooked Man
0%
SCP-202 The Rewind Man
0%
SCP-890 The Rocket Surgeon
0%
SCP-209 The Sadist's Tumbler
0%
SCP-216 The Safe
0%
SCP-602 The Sculptor of SoHo
0%
SCP-977 The Security Station
0%
SCP-355 The Serrated Lawn
0%
SCP-497 The Shell
0%
SCP-304 The Signal
0%
SCP-281 The Snooze Alarm
0%
SCP-407 The Song of Genesis
0%
SCP-827 The Soup
0%
SCP-087 The Stairwell
0%
SCP-288 The "Stepford Marriage" Rings
0%
SCP-502 The Surrogate Heart
0%
SCP-872 The Tattered Farmer
0%
SCP-606 The Teacher
0%
SCP-148 The "Telekill" Alloy
0%
SCP-193 The Tissue Snail
0%
SCP-260 The Tracking Stone
0%
SCP-702 The Trader's Residence
0%
SCP-376 The Traffic Light Tree
0%
SCP-716 The Train
0%
SCP-107 The Turtle Shell
0%
SCP-284 The Twins
0%
SCP-112 The Variable Coaster
0%
SCP-027 The Vermin God
0%
SCP-616 The Vessel and the Gate
0%
SCP-206 The Voyager
0%
SCP-259 The Weisenglass Spiral
0%
SCP-305 The Whisperer
0%
SCP-928 The White King
0%
SCP-068 The Wire Figure
0%
SCP-239 The Witch Child
0%
SCP-948 The Workaholic
0%
SCP-063 The World's Best Tothbrush
0%
SCP-495 Thingmaker
0%
SCP-041 Though-Broadcasting Patient
0%
SCP-443 Thought-streaming Crayons
0%
SCP-654 Thunderhorn
0%
SCP-144 Tibetan Rope to Heaven
0%
SCP-119 Timecrowave
0%
SCP-620 Time Keeps on Slipping
0%
SCP-196 Time Paradox
0%
SCP-276 Time Schooner
0%
SCP-052 Time-Traveling Train
0%
SCP-831 Tinkerbug
0%
SCP-651 Tissue-fusing virus
0%
SCP-673 Tissues
0%
SCP-186 To End All Wars
0%
SCP-255 To Kill An Abvertiser
0%
SCP-478 Tooth Fairies
0%
SCP-089 Tophet
0%
SCP-203 Tortured Iron Soul
0%
SCP-962 Tower of Babble
0%
SCP-697 Toxic Terraforming
0%
SCP-256 Trapped in the Typewriter
0%
SCP-880 Trapped Winter
0%
SCP-678 Trauma Harvester
0%
SCP-175 Treasure Map
0%
SCP-974 Treehouse Predator
0%
SCP-331 Tumbles
0%
SCP-267 Tumorvore
0%
SCP-903 Tunnel of Infinite Possibility
0%
SCP-220 Two's Company
0%
SCP-241 Good Home Cooking
0%
SCP-388 Ultimate Frisbee
0%
SCP-350 Unbreakable Contract
0%
SCP-599 Uncharted City
0%
SCP-995 Under The Couch
0%
SCP-135 Universal Carcinogen
0%
SCP-877 University Microchips
0%
SCP-961 University Sundial
0%
SCP-055 [unknown]
0%
SCP-676 Unnatural Hot Spring
0%
SCP-988 Unopenable Chest
0%
SCP-677 Unpredictable Pogo Stick
0%
SCP-020 Unseen Mold
0%
SCP-225 Unstoppable and Immovable
0%
SCP-781 Unwitting Dreamshaper
0%
SCP-549 Ursa Minor
0%
SCP-526 Valhalla Gate
0%
SCP-383 Variably Useful Flu
0%
SCP-353 Vector
0%
SCP-174 Ventriloquist's Dummy
0%
SCP-997 Vermin Suppressor
0%
SCP-637 Viral Cat
0%
SCP-340 Viral Rebreather Membrane
0%
SCP-626 Vision-Altering Sculpture
0%
SCP-819 Vital Suckers
0%
SCP-954 Vocalizing Frogs
0%
SCP-773 Voodoo Dartboard
0%
SCP-897 Voodoo Organ Transplant
0%
SCP-937 Walking Sticks
0%
SCP-524 Walter the Omnivorous Rabbit
0%
SCP-875 War Criminals
0%
SCP-755 Watch for the white bird
0%
SCP-054 Water Nymph
0%
SCP-791 Water Orb
0%
SCP-853 Weather Preserves
0%
SCP-183 Weaver
0%
SCP-258 Weeping Frog
0%
SCP-323 Wendigo Skull
0%
SCP-031 What is Love?
0%
SCP-574 What's Your Home is My Home
0%
SCP-774 Whistlebones
0%
SCP-266 Will o' the Wisp
0%
SCP-419 Window to the World
0%
SCP-229 Wire Weed
0%
SCP-613 Wonder Bread!
0%
SCP-949 Wondertainment Land
0%
SCP-566 Word a Day
0%
SCP-044 World War II Era Molecular-Fission Cannon
0%
SCP-804 World Without Man
0%
SCP-491 Wrecking Light
0%
SCP-776 Youth Cult
0%
SCP-461 ZICU-TV
0%
SCP-008 Zombie Plague
0%
No matching quizzes found
Score Distribution
Percent of People with Each Score
Percentile by Number Answered
Your Score History
You have not taken this quiz since the last reset